Educación de la infancia anormal

Uloženo v:
Podrobná bibliografie
Hlavní autor: Prudhommeau, M (Autor)
Médium: Kniha
Jazyk:španělština
Vydáno: Barcelona Luis Miracle 1969
Vydání:5a. ed
Edice:Paideia biblioteca práctica de pedagogía psicología y psicopatología de la infancia
Témata:
Tagy: Přidat tag
Žádné tagy, Buďte první, kdo vytvoří štítek k tomuto záznamu!

MARC

LEADER 00000nam a2200000 a 4500
001 UCY8864
003 CL-VaPUC
008 950707e19690000SP |||||||||||||||||spa|d
082 0 4 |a 371.9  |b PRU  |2 21 
100 0 |a Prudhommeau, M  |e author  |9 340595 
245 1 0 |a Educación de la infancia anormal 
250 |a 5a. ed 
300 |a 149 p 
942 |c BK 
945 |d 19950707 00:00:00  |a mfernand 
260 |a Barcelona  |b Luis Miracle  |c 1969 
650 0 |a Educación especial  |9 307486 
650 7 |a NIÑOS MINUSVALIDOS  |2 CL-VaPUC  |9 309747 
650 0 |a Deficiencia mental  |9 334734 
650 7 |a INADAPTADOS  |2 CL-VaPUC  |9 340596 
650 7 |a EDUCABILIDAD  |2 CL-VaPUC  |9 340597 
650 7 |a RETRASO EN LOS ESTUDIOS  |2 CL-VaPUC  |9 340598 
583 |a last modification  |c 19950707 00:00:00  |k Rodrigo Vera 
490 0 |a Paideia biblioteca práctica de pedagogía psicología y psicopatología de la infancia 
999 |c 236046  |d 236044 
952 |0 0  |1 0  |4 0  |6 371_900000000000000_PRU_1969  |7 0  |8 P  |9 243863  |a BIBEDU  |b BIBEDU  |c BIBEDU_PB  |d 2019-11-18  |i 1530267  |o 371.9 PRU 1969  |p 1530267  |r 2024-01-25  |w 2019-11-18  |y BK  |k EDU